Score 0/20 Timer 05:00
10 Plays Today
% Correct
Mary Poppins
89.9%
Speed
87.6%
Jurassic Park
81.6%
Blues Brothers
81.4%
Ghostbusters
81.2%
The Hunt for Red October
79.1%
The Spy Who Loved Me
79%
The Wizard of Oz
76.6%
Back to the Future
75.6%
Harry Potter and the Chamber of Secrets
70.5%
% Correct
Twister
70%
Chitty Chitty Bang Bang
69.1%
Star Wars: Episode V - The Empire Strikes Back
67.7%
Men in Black
65.9%
Wayne's World
63.4%
The Sound of Music
62%
Liar Liar
59%
Cannonball Run II
54.5%
Indiana Jones and the Last Crusade
52.6%
Sahara
40.4%
Remove Ads.
Support Sporcle.
Get the best of Sporcle when you Go Orange. This ad-free experience offers more features, more stats, and more fun while also helping to support Sporcle. Thank you for becoming a member.

You're not logged in!

Compare scores with friends on all Sporcle quizzes.
OR
Log In

Show Comments

Extras

Top Quizzes Today


Score Distribution

Your Account Isn't Verified!

In order to create a playlist on Sporcle, you need to verify the email address you used during registration. Go to your Sporcle Settings to finish the process.

Report this User

Report this user for behavior that violates our Community Guidelines.

Details: